| 000 | 00894nam a22002777a 4500 | ||
|---|---|---|---|
| 001 | 3352 | ||
| 003 | FISKH | ||
| 005 | 20240304103518.0 | ||
| 008 | 240229b cb ||||| |||| 00| 0 eng d | ||
| 020 | _a033500713002 | ||
| 040 |
_aFISKH _beng _cFISKH _dFISKH |
||
| 100 | _aRojankovsky, F | ||
| 245 |
_aThe three bears / _cby F. Rojankovsky |
||
| 260 |
_aNew York : _bWestern Publishing Company, Inc , _c1948 |
||
| 300 |
_a26 unnumbered pages : _bcolor illustrations ; _c21 cm . |
||
| 490 | _aA little golden book | ||
| 505 | _aK | ||
| 520 | _aA little girl walking in the woods finds the house of the three bears and helps herself to their belongings. | ||
| 521 | 8 |
_a520
_bLexile estimate |
|
| 521 | 8 |
_aK
_bRaz-Plus |
|
| 600 |
_2goldilock _vfairy tale |
||
| 650 |
_abears _vfairy tale |
||
| 700 |
_aRojankovsky, F _eillustrator |
||
| 942 |
_2ddc _cBK _n0 |
||
| 999 |
_c3352 _d3352 |
||